| 000 | 02244nam a2200637 i 4500 | ||
|---|---|---|---|
| 001 | 9914000385505606 | ||
| 003 | NyNyJPI | ||
| 005 | 20260413143633.0 | ||
| 008 | 240412s2024 xxuao |001 0 eng c | ||
| 009 | b1000003570665 | ||
| 015 | _aPZ 2024 | ||
| 020 |
_a9781032343723 _q(oprawa twarda) |
||
| 020 |
_a9781032343730 _q(oprawa miękka) |
||
| 020 |
_z9781003321927 _q(e-book) |
||
| 035 | _a(PL)b1000003570665 | ||
| 040 |
_aLUBL KUL _cLUBL KUL _dLUBL KUL _dWA N _dKR U |
||
| 044 |
_axxu _axxk |
||
| 045 | 2 |
_bd1608 _bd2020 |
|
| 046 |
_k2023 _o1608 _p2020 |
||
| 080 |
_81.1\x _a94(73) |
||
| 080 |
_81.2\x _a323.15(=162.1) |
||
| 080 |
_81.3\x _a(0.054) |
||
| 084 | _a01 | ||
| 245 | 0 | 0 |
_aPolish American voices : _ba documentary history, 1608–2020 / _cedited by Anna D. Jaroszyńska-Kirchmann, James S. Pula. |
| 260 |
_aNew York, NY ; _aAbingdon, Oxon : _bRoutledge, _c2024. |
||
| 300 |
_aXIX, [1], 512 stron : _bfotografie, ilustracje ; _c24 cm. |
||
| 336 |
_aTekst _btxt _2rdacontent |
||
| 337 |
_aBez urządzenia pośredniczącego _bn _2rdamedia |
||
| 338 |
_aWolumin _bnc _2rdacarrier |
||
| 380 | _aKsiążki | ||
| 380 | _aLiteratura faktu, eseje, publicystyka | ||
| 380 | _aPublikacje naukowe | ||
| 388 | 1 | _a2001- | |
| 490 | 1 |
_aRoutledge Advances in American History ; _vvol. 25 |
|
| 500 | _aW obrębie wydania nakłady w oprawie twardej lub miękkiej. W obrębie wydania nakłady z różnymi numerami ISBN. | ||
| 504 | _aBibliografia na stronach 493-500. Indeks. | ||
| 648 | 7 |
_a1601-1700 _2DBN |
|
| 648 | 7 |
_a1701-1800 _2DBN |
|
| 648 | 7 |
_a1801-1900 _2DBN |
|
| 648 | 7 |
_a1901-2000 _2DBN |
|
| 648 | 7 |
_a2001- _2DBN |
|
| 650 | 7 |
_aMigracje _2DBN |
|
| 650 | 7 |
_aObyczaje i zwyczaje _2DBN |
|
| 650 | 7 |
_aPolacy za granicą _2DBN |
|
| 650 | 7 |
_aStosunki etniczne _2DBN |
|
| 650 | 7 |
_aTożsamość narodowa _2DBN |
|
| 651 | 7 |
_aStany Zjednoczone (USA) _2DBN |
|
| 655 | 7 |
_aOpracowanie _2DBN |
|
| 655 | 7 |
_aWydawnictwo źródłowe _2DBN |
|
| 658 | _aHistoria | ||
| 700 | 1 |
_aJaroszyńska-Kirchmann, Anna D. _d(1960- ) _eRedakcja |
|
| 700 | 1 |
_aPula, James S. _d(1946- ) _eRedakcja |
|
| 710 | 2 |
_aRoutledge Taylor & Francis Group _eWydawca _4pbl |
|
| 830 | 0 |
_aRoutledge Advances in American History _vvol. 25 |
|
| 942 |
_2z _cBK _n0 |
||
| 999 |
_c91097 _d91097 |
||